Pays qui produisent le plus d'energie nucléaire - Statistiques

Statistiques générales
  • Ce quiz a été pris 90 fois
  • Le résultat moyen est 14 sur 20
Statistiques - réponses
Production par an Pays % Correct
779,2 États-Unis
99%
323,8 France
99%
406,5 Chine
96%
203,96 Russie
93%
77,5 Japon
91%
83,5 Canada
90%
54,4 Espagne
90%
37,3 Royaume-Uni
90%
44,6 Inde
82%
171,6 Corée du Sud
78%
46,65 Suède
71%
32,76 Finlande
62%
9 Argentine
57%
31,29 Belgique
57%
28,73 République tchèque
47%
15,1 Hongrie
44%
10,3 Roumanie
44%
17 Slovaquie
43%
15,5 Bulgarie
37%
31,21 Émirats Arabes Unis
21%
Aucun quiz correspondant
Distribution des résultats
% des personnes avec chaque résultat
Percentile par nombre de réponses
Votre historique - résultats
Vous n’avez pas pris ce quiz